000 00436nam a2200157 a 4500
001 000027147
005 20200930030631.0
008 110330s1996 dr 000 p spa d
040 _aDO-SdBNP
_bspa
_cBNPHU
082 _axxx
_bF363a
100 1 _aFernández, Pedro Pablo
_98492
245 1 0 _aAgua lírica :
_bpoemas /
_cPedro Pablo Fernández.
260 _aSanto Domingo :
_b[s.n.],
_c1996.
300 _a55 p. ;
_c29 cm.
049 _aBNPD
999 _c26639
_d26639